Performance management in Dutch central government (Record no. 60100)

000 -LEADER
fixed length control field 01343pab a2200169 454500
008 - FIXED-LENGTH DATA ELEMENTS--GENERAL INFORMATION
fixed length control field 180718b2004 xxu||||| |||| 00| 0 eng d
100 ## - MAIN ENTRY--PERSONAL NAME
Personal name Mol, Nico P.
245 ## - TITLE STATEMENT
Title Performance management in Dutch central government
260 ## - PUBLICATION, DISTRIBUTION, ETC.
Date of publication, distribution, etc. 2004
300 ## - PHYSICAL DESCRIPTION
Extent p.33-50.
362 ## - DATES OF PUBLICATION AND/OR SEQUENTIAL DESIGNATION
Dates of publication and/or sequential designation Mar
520 ## - SUMMARY, ETC.
Summary, etc. This article investigates how and to what extent performance indicators in Dutch central government are actually embedded in performance management. In a case study encompassing 12 government organizations, the relevance of the indicators presented is analysed in three stages: (1) with respect to the responsibilities for results intended in performance measurement, (2) with respect to responsibilities actually implied in resource allocation and (3) with respect to responsibilities ultimately to be inferred from governance - planning and control - systems applied. In our research, management control systems appear to be only partially tuned to the performance indicators specified in advance. The familiar expression `What you measure is what you get' is thereby invalidated by all kinds of restrictions imposed on a manager's actual responsibility for measurement outcomes. - Reproduced.
650 ## - SUBJECT ADDED ENTRY--TOPICAL TERM
Topical term or geographic name entry element Performance appraisal
700 ## - ADDED ENTRY--PERSONAL NAME
Personal name Kruiff, Johan A.M. de
773 ## - HOST ITEM ENTRY
Main entry heading International Review of Administrative Sciences
909 ## -
-- 60100
Holdings
Withdrawn status Lost status Damaged status Not for loan Permanent Location Current Location Date acquired Serial Enumeration / chronology Barcode Date last seen Price effective from Koha item type
        Indian Institute of Public Administration Indian Institute of Public Administration 2018-07-19 Volume no: 70, Issue no: 1 AR60545 2018-07-19 2018-07-19 Articles

Powered by Koha